| 000 -LEADER |
| fixed length control field |
01847pam a2200289 i 4500 |
| 003 - CONTROL NUMBER IDENTIFIER |
| control field |
KPN |
| 005 - DATE AND TIME OF LATEST TRANSACTION |
| control field |
20260428170827.0 |
| 008 - FIXED-LENGTH DATA ELEMENTS--GENERAL INFORMATION |
| fixed length control field |
20260428b 00| 0 my d |
| 020 ## - INTERNATIONAL STANDARD BOOK NUMBER |
| International Standard Book Number |
9789674818647 |
| Qualifying information |
paperback |
| Terms of availability |
RM14.00 |
| 040 ## - CATALOGING SOURCE |
| Transcribing agency |
KPN |
| 082 04 - DEWEY DECIMAL CLASSIFICATION NUMBER |
| Classification number |
BM FK TAP 2022 |
| Edition number |
23 |
| 090 10 - LOCALLY ASSIGNED LC-TYPE CALL NUMBER (OCLC); LOCAL CALL NUMBER (RLIN) |
| Classification number (OCLC) (R) ; Classification number, CALL (RLIN) (NR) |
BM FK TAP 2022 |
| Local cutter number (OCLC) ; Book number/undivided call number, CALL (RLIN) |
TAP |
| 100 0# - MAIN ENTRY--PERSONAL NAME |
| Personal name |
Tapasi De, |
| Relator term |
author. |
| 245 10 - TITLE STATEMENT |
| Title |
Oh baru saya faham : |
| Remainder of title |
Berkongsi Lebih Baik Daripada Bermusuhan / |
| Statement of responsibility, etc. |
Penulis: Tapasi De ; Penterjemah: Zatika Izati Puade ; Editor: Naadhira Zahari ; Ilustrator: Danial Haikal |
| 264 #1 - PRODUCTION, PUBLICATION, DISTRIBUTION, MANUFACTURE, AND COPYRIGHT NOTICE |
| Place of production, publication, distribution, manufacture |
Batu Caves, Selangor : |
| Name of producer, publisher, distributor, manufacturer |
PTS Publising House Sendirian Berhad, |
| Date of production, publication, distribution, manufacture, or copyright notice |
2022 |
| 300 ## - PHYSICAL DESCRIPTION |
| Extent |
36 pages, 2 unnumbered pages : |
| Other physical details |
colour illustrations ; |
| Dimensions |
24 cm |
| 500 ## - GENERAL NOTE |
| General note |
Includes questions and exercises |
| 521 ## - TARGET AUDIENCE NOTE |
| Target audience note |
Kanak-kanak yang menginjak usia remaja perlu menyesuaikan diri dengan dunia baharu yang berbeza. Hal ini memberikan kesan yang ketara terhadap perkembangan mereka. Watak-watak dalam siri ini berhadapan dengan situasi yang biasa dihadapi oleh remaja seperti persahabatan, ketagihan permainan video dan keselamatan dalam talian. Mereka perlu membuat pertimbangan yang wajar dan keputusan yang betul dengan bantuan orang dewasa.<br/><br/>Keistimewaan buku ini:<br/><br/>1. Membina psikologi positif anak-anak terhadap realiti kehidupan melalui kisah yang menarik dan memberi nilai.<br/><br/>2. Merangsang minat membaca anak-anak melalui ilustrasi dan grafik yang menarik dan berwarna-warni.<br/><br/><br/>3. Sesuai dijadikan bahan bacaan tambahan bagi mewujudkan interaksi antara ibu bapa dengan anak-anak secara santai. |
| 650 10 - SUBJECT ADDED ENTRY--TOPICAL TERM |
| Topical term or geographic name entry element |
Malay language |
| Form subdivision |
Readers |
|
| Topical term or geographic name entry element |
Children's stories, Malay |
|
| Topical term or geographic name entry element |
Malay fiction |
|
| Topical term or geographic name entry element |
Child psychology |
| Form subdivision |
Juvenile literature |
| 700 0# - ADDED ENTRY--PERSONAL NAME |
| Personal name |
Zatika Izati Puade, |
| Relator term |
translator. |
|
| Personal name |
Danial Haikal, |
| Relator term |
illustrator. |
|
| Personal name |
Naadhira Zahari, |
| Relator term |
editor. |
| 942 ## - ADDED ENTRY ELEMENTS (KOHA) |
| Source of classification or shelving scheme |
|
| Koha item type |
Book |
| Suppress in OPAC |
No |